<?xml version="1.0" encoding="UTF-8"?>
<collection xmlns="http://www.loc.gov/MARC21/slim">
 <record>
  <leader>01327nam a22003135a 4500</leader>
  <controlfield tag="001">CEM.cems019714</controlfield>
  <controlfield tag="008">221012s2010####ag############000#0#####d</controlfield>
  <controlfield tag="005">20221012101403.0</controlfield>
  <datafield tag="245" ind1="1" ind2="0">
   <subfield code="a">Cuentos que parecen ciertos /</subfield>
   <subfield code="c">Saki  y otros ; traducido por Laura Pizzi ; ilustrado pro Cristo Camba.</subfield>
  </datafield>
  <datafield tag="260" ind1=" " ind2=" ">
   <subfield code="a">Buenos Aires :</subfield>
   <subfield code="b">Letra Impresa,</subfield>
   <subfield code="c">2010.</subfield>
  </datafield>
  <datafield tag="300" ind1=" " ind2=" ">
   <subfield code="a">104 p.</subfield>
  </datafield>
  <datafield tag="490" ind1="0" ind2=" ">
   <subfield code="a">La Puerta Secreta ;</subfield>
   <subfield code="v">15</subfield>
  </datafield>
  <datafield tag="505" ind1="0" ind2=" ">
   <subfield code="a">La puerta secreta -- La llave maestra -- La ventana abierta / Saki -- El corazón delator / Edgard Alla Poe -- El viejo guardarropa de roble / Charles Dickens -- Nuestro Primer cigarro / Horacio Quiroga -- Una historia desgraciada / Antón Chéjov -- Los secretos de Cuentos que parecen ciertos -- Nuevas puertas para abrir</subfield>
  </datafield>
  <datafield tag="020" ind1=" " ind2=" ">
   <subfield code="a">9789871565153</subfield>
  </datafield>
  <datafield tag="100" ind1="1" ind2=" ">
   <subfield code="a">Saki.</subfield>
  </datafield>
  <datafield tag="700" ind1="1" ind2=" ">
   <subfield code="a">Pizzi, Laura; trad.</subfield>
  </datafield>
  <datafield tag="700" ind1="1" ind2=" ">
   <subfield code="a">Camba, Cristo; il.</subfield>
  </datafield>
  <datafield tag="700" ind1="1" ind2=" ">
   <subfield code="a">Poe, Edgar Allan.</subfield>
  </datafield>
  <datafield tag="700" ind1="1" ind2=" ">
   <subfield code="a">Dickens, Charles.</subfield>
  </datafield>
  <datafield tag="700" ind1="1" ind2=" ">
   <subfield code="a">Quiroga, Horacio.</subfield>
  </datafield>
  <datafield tag="700" ind1="1" ind2=" ">
   <subfield code="a">Chejóv, Antón.</subfield>
  </datafield>
  <datafield tag="082" ind1="0" ind2="4">
   <subfield code="a">853.9</subfield>
  </datafield>
  <datafield tag="653" ind1=" " ind2=" ">
   <subfield code="a">Literatura infantil</subfield>
  </datafield>
  <datafield tag="653" ind1=" " ind2=" ">
   <subfield code="a">Literatura juvenil</subfield>
  </datafield>
  <datafield tag="653" ind1=" " ind2=" ">
   <subfield code="a">Literatura Universal</subfield>
  </datafield>
  <datafield tag="653" ind1=" " ind2=" ">
   <subfield code="a">Cuentos</subfield>
  </datafield>
  <datafield tag="653" ind1=" " ind2=" ">
   <subfield code="a">Cuentos de suspenso</subfield>
  </datafield>
  <datafield tag="859" ind1=" " ind2=" ">
   <subfield code="a">CEMS</subfield>
   <subfield code="b">BIB. CEMS - Inicial y Primaria</subfield>
   <subfield code="h">808.8</subfield>
   <subfield code="i">Sa295</subfield>
   <subfield code="k">IP</subfield>
   <subfield code="p">2433</subfield>
   <subfield code="t">Ej.1</subfield>
  </datafield>
  <datafield tag="859" ind1=" " ind2=" ">
   <subfield code="a">CEMS</subfield>
   <subfield code="b">BIB. CEMS - Inicial y Primaria</subfield>
   <subfield code="h">808.8</subfield>
   <subfield code="i">Sa295</subfield>
   <subfield code="k">IP</subfield>
   <subfield code="p">3798</subfield>
   <subfield code="t">Ej.2</subfield>
  </datafield>
 </record>
</collection>
